000 00516nam a2200193Ia 4500
003 GCL
008 140319s9999 xx 000 0 eng d
020 _a1588162699
040 _aGCL /
_cGCL
082 0 4 _a747
_bH D
245 1 0 _aHOUSE BEAUTIFUL 750 DECORATING & DESIGN IDEAS
260 _aنيويورك :
_bHEARST BOOK ،
_c2003
300 _a32 CM ؛
_c447 P
650 0 4 _aDESIGN
650 0 4 _aDECORATION
650 0 4 _aFURNITURE
650 0 4 _aINTERIOR DECORATION - UNITED STATES - HISTORY
942 _2ddc
_cBK
999 _c6560
_d6560